000 00287nam a2200133Ia 4500
008 221030s9999 xx 000 0 und d
041 _aEnglish
082 _a105.23
100 _aJ Sharp
245 0 _aMicrosoft Visual J#.NET
_cby J Sharp
260 _c0
650 _aMc
942 _cBK
999 _c11196
_d11196